000 00884nam a22002777a 4500
001 BR7901440
003 BR-BrBNA
005 20230928085946.0
007 ta
008 230509b bl.||||| |||| 00| 0 por d
040 _aBR-BrBNA
_bpor
_cBiblioteca Nacional de Agricultura
041 _a(Por)
072 _aE70
_b/G514
090 _ E70 BR7901440
100 1 _aMoura, P.A.M. de
110 1 _aUniversidade Federal de Vicosa, MG (Brasil)
_0Tese (Magister Scientiae)
245 1 _aEficiencia economica de estocagem em armazens gerais, CASEMG, Minas Gerais [Companhia de Armazens e Silos do Estado de Minas Gerais; Brasil]
260 3 _aVicosa, MG (Brasil):
_c1978.
300 _a84 p.
500 _a26 tables; 9 graphs; 27 ref.; Summary (Por)
650 _aEstocagem
650 _aArmazem
650 _aMinas Gerais
909 _a202309
_bLucia
_c55
_dLucia Elande
942 _cBK
999 _c27183
_d27183